| 000 | 01404nam a2200433 4500 | ||
|---|---|---|---|
| 001 | 22095 | ||
| 003 | VRT | ||
| 005 | 20260319153055.0 | ||
| 008 | 210308s2020 xr a g 000 j cze d | ||
| 020 |
_a9788026718529 _q(viazané) |
||
| 035 | _aa000675005 | ||
| 039 | 9 |
_a202107210920 _bizakovicm _c202107161053 _dkucmanj _c202103081157 _dkomaromk _c202103081156 _dkomaromk |
|
| 040 |
_aTVZK _bslo _dUKB _erda |
||
| 041 | 0 | _acze | |
| 044 |
_axr _cCZ |
||
| 072 | 7 |
_a821.162.3 _xČeská literatúra _2konspekt |
|
| 072 | 7 |
_a641 _xKuchárstvo. Potraviny. Varené jedlá _2konspekt |
|
| 080 |
_a821.162.3-32 _22011 |
||
| 080 |
_a(0:82-32) _22011 |
||
| 080 |
_a(0:82-1) _22011 |
||
| 080 |
_a641/642 _22011 |
||
| 100 | 1 |
_aPawlowská, Halina, _d1955- _4aut |
|
| 245 | 1 | 0 |
_aZážitky z karantény _cHalina Pawlowská ; ilustrovala Erika Bornová |
| 250 | _aVydání první | ||
| 264 | 1 |
_aPraha _bMotto _c2020 |
|
| 300 |
_a195 strán _bilustrácie _c18 cm |
||
| 336 |
_atext _btxt _2rdacontent |
||
| 337 |
_abez média _bn _2rdamedia |
||
| 338 |
_azväzok _bnc _2rdacarrier |
||
| 650 | 0 | 7 |
_aCovid-19 _2UKBPH |
| 650 | 0 | 7 |
_akaranténa _2UKBPH |
| 650 | 0 | 7 |
_akuchárstvo _2UKBPH |
| 655 | 7 |
_ačeské príbehy _2UKBPH |
|
| 655 | 7 |
_askutočné príbehy _2UKBPH |
|
| 655 | 7 |
_akuchárske recepty _2UKBPH |
|
| 700 | 1 |
_aBornová, Erika, _d1964- _4ill |
|
| 942 |
_2ddc _cKLDO _n0 |
||
| 949 |
_61800836218 _a33.D.47106 _bKC.2021-496 |
||
| 999 |
_c22095 _d22095 |
||